|
|
|
|
| LEADER |
01222nam a2200301 u 4500 |
| 001 |
10023328 |
| 003 |
upatras |
| 005 |
20210117205750.0 |
| 008 |
990722s1996 us eng |
| 020 |
|
|
|a 0815138466
|
| 040 |
|
|
|a GR-PaULI
|c GR-PaULI
|
| 041 |
0 |
|
|a eng
|
| 082 |
0 |
4 |
|a 570
|
| 100 |
1 |
|
|a Alters, Sandra
|9 149261
|
| 245 |
1 |
0 |
|a Biology
|b understanding life
|c Sandra Alters
|
| 260 |
|
|
|a St. Louis
|b Mosby
|c 1996
|
| 300 |
|
|
|a var. pag.
|b fig.
|c 29 cm.
|
| 500 |
|
|
|a With 1183 illustrations
|
| 504 |
|
|
|a Includes index
|
| 650 |
|
4 |
|a Βιολογία
|9 247
|
| 650 |
|
4 |
|a Βιολογία
|x Γενικές αρχές
|9 28091
|
| 852 |
|
|
|a GR-PaULI
|b ΠΑΤΡΑ
|b ΒΚΠ
|b ΒΣ1
|k ΑΣΧΞ
|h 570 ALT
|m 045598
|p 025000059015
|t 1
|
| 852 |
|
|
|a GR-PaULI
|b ΠΑΤΡΑ
|b ΒΚΠ
|b ΒΣ1
|k ΑΣΧΞ
|h 570 ALT
|m 045597
|p 025000059014
|t 2
|
| 942 |
|
|
|2 ddc
|c BK15
|
| 952 |
|
|
|0 0
|1 0
|4 0
|6 570_000000000000000_ALT
|7 0
|9 189904
|a LISP
|b LISP
|c BSC
|d 2016-04-24
|i 045598
|l 0
|o 570 ALT
|p 025000059015
|r 2016-04-24 00:00:00
|t 1
|w 2016-04-24
|y BK15
|
| 952 |
|
|
|0 0
|1 0
|4 0
|6 570_000000000000000_ALT
|7 0
|9 189905
|a LISP
|b LISP
|c BSC
|d 2016-04-24
|i 045597
|l 0
|o 570 ALT
|p 025000059014
|r 2016-04-24 00:00:00
|t 2
|w 2016-04-24
|y BK15
|
| 998 |
|
|
|c ΣΚΟΝΔΡΑ
|d 2010-04
|
| 999 |
|
|
|c 116965
|d 116965
|